Tilastot visalle Suomen suosituimmat automerkit (2019)

Klikkaa tästä pelataksesi tätä visaa!

Yleistilastot

  • Tätä visaa on pelattu 759 kertaa
  • Keskiarvotulos 13 / 20

Vastaustilastot

#Merkki% Oikein
1Toyota
95%
7Mercedes-Benz
92%
4Volvo
91%
11BMW
90%
2Volkswagen
87%
12Audi
85%
5Ford
77%
9Nissan
76%
6Kia
74%
3Skoda
74%
8Opel
68%
14Peugeot
66%
13Renault
61%
16Citroën
59%
10Hyundai
55%
15Seat
47%
18Mazda
45%
17Mitsubishi
45%
19Dacia
28%
20Suzuki
24%

Tulosjakauma

Persentiili vastausten määrän mukaan

Jokaisen tuloksen saaneiden osuus

Tuloshistoriasi

Et ole pelannut tätä visaa